Príďte sa naladiť ŠFK pripravila štyri vianočné koncerty

Bibliographic Details
Main Author: dk (Author)
Corporate Author: Štátna filharmónia Košice (Author)
Format: Article
Language:Slovak
PhysicalDescription:1 foto
Subjects:

MARC

LEADER 00000nab a2200000 a 4500
001 vtls000931079
003 SK-MaSNL
005 20260305003919.0
008 040720e20031217xo 0 slo
035 |a KE39956 
040 |a KEVKJB  |b slo  |c KEVKJB  |e AACR2 
041 0 |a slo 
044 |a xo  |c SK 
080 |a 785.7  |2 1981 
100 0 |a dk  |4 aut  |9 809269 
245 1 0 |a Príďte sa naladiť  |b ŠFK pripravila štyri vianočné koncerty 
300 |b 1 foto 
610 2 7 |a Štátna filharmónia Košice  |2 KEVKJB  |9 56989 
650 0 7 |a koncerty vianočné  |2 KEVKJB  |9 884229 
651 7 |a Košice (Slovensko)  |2 KEVKJB  |9 18694 
651 7 |a KE,  |2 KEVKJB  |9 877256 
655 7 |a periodikum  |2 snkbucl  |9 29553 
710 2 |a Štátna filharmónia Košice  |4 aut  |9 56989 
773 0 8 |t Košický večer  |g Roč. 14  |g Roč. 35, č.241, 17.12.2003, s. 6 
852 |a ZVYKNI  |b KIS3GCP 
999 |c 3233113  |d 3235043